| 000 | 01476cam a2200313 a 4500 | ||
|---|---|---|---|
| 001 | 3576872 | ||
| 003 | NUST-PNEC | ||
| 005 | 20170116180659.0 | ||
| 008 | 990623s1999 enka b 001 0 eng | ||
| 010 | _a 99036996 | ||
| 020 | _a0750637706 | ||
| 040 |
_aDLC _cPNEC _dDLC |
||
| 050 | 0 | 0 |
_aTP156.F6 _bC485 1999 |
| 082 | 0 | 0 | _a660.284 CHH |
| 100 | 1 | _aChhabra, R. P. | |
| 245 | 1 | 0 |
_aNon-Newtonian flow in the process industries : _bfundamentals and engineering applications / _cR.P. Chhabra and J.F. Richardson. |
| 260 |
_aOxford ; _aBoston, MA : _bButterworth-Heinemann, _c1999. |
||
| 300 |
_axiii, 436 p. : _bill. ; _c25 cm. |
||
| 500 | _aIncludes Index http://www.amazon.com/Non-Newtonian-Flow-Fundamentals-Engineering-Applications/dp/0750637706/ref=sr_1_1?s=books&ie=UTF8&qid=1410147677&sr=1-1&keywords=0750637706 | ||
| 504 | _aIncludes bibliographical references and index. | ||
| 650 | 0 | _aNon-Newtonian fluids. | |
| 650 | 0 |
_aChemical engineering. _xIME |
|
| 700 | 1 |
_aRichardson, J. F. _q(John Francis) |
|
| 856 | 4 | 1 |
_3Table of contents _uhttp://www.loc.gov/catdir/toc/els033/99036996.html |
| 856 | 4 | 2 |
_3Publisher description _uhttp://www.loc.gov/catdir/description/els033/99036996.html |
| 906 |
_a7 _bcbc _corignew _d1 _eocip _f19 _gy-gencatlg |
||
| 942 |
_2ddc _cBK |
||
| 999 |
_c60499 _d60499 |
||